| 000 | 00000nas 2200000za 4500 |
| 001 | 9.504185 |
| 003 | CaOODSP |
| 005 | 20210507160751 |
| 007 | cr ||||||||||| |
| 008 | 150406c2004||||xxc|| p o||||f| |0fre|d |
| 040 | |aCaOODSP|bfre |
| 043 | |an-cn--- |
| 086 | 1 |aCW71-9F-PDF |
| 110 | 2 |aService canadien de la faune. |
| 245 | 10|aÀ propos des habitats canadiens / |h[ressource électronique]|c[co-publié par le] partenariat du Plan nord-américain de gestion de la sauvagine (PNAGS). |
| 260 | |aOttawa - Ontario : |bEnvironnement Canada. |
| 310 | |aAnnuel |
| 362 | 1 |a2004--2008 |
| 691 | 07|aConservation de l'environnement|2gcpds |
| 691 | 07|aOiseau aquatique|2gcpds |
| 775 | 08|tCanadian habitat matters / |w(CaOODSP)9.507805 |
| 785 | 00|tÀ propos des habitats canadiens - rapport annuel / |w(CaOODSP)9.504174 |